000
00262 a2200109 4500
001
12716
082
_a
355.00947ODO
090
_c
9714
_d
9714
100
_a
Odom William.E
245
_a
Collapse of the Soviet Military.
260
_a
LONDON
_b
Yale college
_c
1998
942
_a
NUST-CAE
_k
355.00947ODO
999
_c
247789
_d
247789